000
00319nam a22001457a 4500
008
221031b ||||| |||| 00| 0 eng d
020
_a
0125267509
041
_a
eng
080
_a
316
082
_a
316
100
_a
24.2
101
_a
GEO
245
_a
ELEMENTARY DIFFERENTAL GEOMETRY
_c
O'NEILL B
942
_2
udc
_c
BK
999
_c
58706
_d
58706